<?xml version="1.0" encoding="UTF-8"?>
<marc:record xmlns:marc="http://www.loc.gov/MARC21/slim">
   <marc:leader>00000nam a2200000 a 4500</marc:leader>
   <marc:datafield ind1="1" ind2=" " tag="100">
      <marc:subfield code="a">Perplies, Bernd</marc:subfield>
      <marc:subfield code="4">aut</marc:subfield>
      <marc:subfield code="e">Verfasser/-in</marc:subfield>
   </marc:datafield>
   <marc:datafield ind1="0" ind2="0" tag="245">
      <marc:subfield code="a">Drachengasse 13</marc:subfield>
   </marc:datafield>
   <marc:datafield ind1="0" ind2="0" tag="245">
      <marc:subfield code="c">Bernd Perplies &amp; Christian Humberg</marc:subfield>
   </marc:datafield>
   <marc:datafield ind1=" " ind2="1" tag="264">
      <marc:subfield code="b">Schneider-Buch Egmont</marc:subfield>
      <marc:subfield code="c">2011</marc:subfield>
   </marc:datafield>
   <marc:datafield ind1="1" ind2=" " tag="520">
      <marc:subfield code="a">Angaben aus der Verlagsmeldung

Drachengasse 13, Band 02 : Geister aus der Tiefe / von Christian Humberg, Bernd Perplies

Ein junger Zwerg verschwindet in den „Verbotenen Hügeln“ des Zwergenviertels von Bondingor. Er hatte sich von Freunden überreden lassen, diese als Mutprobe zu durchqueren – am Ziel kam er nie an. Weil sogar die Erwachsenen Angst vor den Geistern haben, die angeblich in den verlassenen Gassen umgehen, machen sich Sando, Tomrin und Hanissa allein auf die Suche nach ihm. Dabei kommen sie einem furchtbaren Geheimnis auf die Spur, das bis in die Gründungstage des Zwergenviertels zurückreicht und sie in den dunklen Untergrund der Stadt führt.
</marc:subfield>
   </marc:datafield>
   <marc:datafield ind1=" " ind2=" " tag="020">
      <marc:subfield code="a">9783505129063</marc:subfield>
      <marc:subfield code="9">9783505129063</marc:subfield>
   </marc:datafield>
   <marc:datafield ind1=" " ind2=" " tag="300">
      <marc:subfield code="a">197 S.</marc:subfield>
   </marc:datafield>
</marc:record>
